Bài tập cơ học ứng dụng /
Đã lưu trong:
| Príomhúdar: | |
|---|---|
| Formáid: | Leabhar |
| Teanga: | Vietnamese |
| Foilsithe: |
H. :
Giáo dục ,
2004
|
| Eagrán: | Tái bản lần thứ 2 |
| Ábhair: | |
| Clibeanna: |
Cuir Clib Leis
Gan Chlibeanna, Bí ar an gcéad duine leis an taifead seo a chlibeáil!
|
| Thư viện lưu trữ: | Thư viện Trường CĐ Kỹ Thuật Cao Thắng |
|---|
| LEADER | 00698nam a2200205 a 4500 | ||
|---|---|---|---|
| 001 | TVCDKTCT812 | ||
| 003 | Thư viện trường Cao đẳng Kỹ thuật Cao Thắng | ||
| 005 | 20050804000000 | ||
| 008 | 050804 | ||
| 980 | \ | \ | |a Thư viện Trường CĐ Kỹ Thuật Cao Thắng |
| 024 | |a RG_1 #1 eb0 i1 | ||
| 041 | 0 | # | |a vie |
| 082 | # | # | |a 620.1 / |b NG527L-b |
| 100 | 1 | # | |a Nguyễn Nhật Lệ |
| 245 | 0 | 0 | |a Bài tập cơ học ứng dụng / |c Nguyễn Nhật Lệ |
| 250 | # | # | |a Tái bản lần thứ 2 |
| 260 | # | # | |a H. : |b Giáo dục , |c 2004 |
| 300 | # | # | |a 200tr. ; |c 24cm |
| 650 | # | 4 | |a Cơ học |
| 650 | # | 4 | |a Ứng dụng--Lý thuyết--Giải mẫu--Bài tập |